Operation world. (Record no. 8811)

000 -LEADER
fixed length control field 00840nam a2200217 a 4500
001 - CONTROL NUMBER
control field :::00006590$&:&@@
003 - CONTROL NUMBER IDENTIFIER
control field OkBaRHE
005 - DATE AND TIME OF LATEST TRANSACTION
control field 20000607103332.0
008 - FIXED-LENGTH DATA ELEMENTS--GENERAL INFORMATION
fixed length control field s1986 j 000 0 eng u
040 ## - CATALOGING SOURCE
Transcribing agency
100 1# - MAIN ENTRY--PERSONAL NAME
Personal name Johnstone, Patrick.
245 10 - TITLE STATEMENT
Title Operation world.
260 ## - PUBLICATION, DISTRIBUTION, ETC. (IMPRINT)
Place of publication, distribution, etc Waynesboro, GA., :
Name of publisher, distributor, etc STL Books
Date of publication, distribution, etc 1986
300 ## - PHYSICAL DESCRIPTION
Extent 272 p ;
Dimensions : 22 cm.
650 ## - SUBJECT ADDED ENTRY--TOPICAL TERM
Topical term or geographic name as entry element Prayer
General subdivision Missions
942 ## - ADDED ENTRY ELEMENTS (KOHA)
Source of classification or shelving scheme
Koha item type Books
Copies
Shelving location Date last seen Source of classification or shelving scheme Damaged status Date acquired Full call number Lost status Permanent Location Barcode Not for loan Koha item type Price effective from Copy number Withdrawn status
General Stacks2010-04-14  2010-04-14BV 210.2 .J63 RHEMA Bible Training College6590 Books2010-04-141 
General Stacks2010-04-14  2010-04-14BV 210.2 .J63 RHEMA Bible Training College15420 Books2010-04-142 
General Stacks2010-04-14  2010-04-14BV 210.2 .J63 RHEMA Bible Training College15421 Books2010-04-143 
General Stacks2010-04-14  2010-04-14BV 210.2 .J63 RHEMA Bible Training College15422 Books2010-04-144